000 01623cab a2200265 4500
001 ##L135339
008 061016n2006 000 0 eng u
035 _a(Sirsi) u135339
041 0 _aeng
100 1 _aHelps, Dominic
245 0 0 _aConstruction Act review
260 _c2006
490 0 _aConstruction Law Journal
_v22(6) 2006, 378-393(16)
520 _aExamines the current position regarding stay of execution of an adjudicator's decision on the grounds of insolvency. Highlights developments in this area with reference to the following cases: "Harwood Construction Ltd v Lantrode Ltd" (TCC, unreported), "Total v ABB Building Technologies" (TCC, X118295), "Wimbledon Construction v Derek Vego" ([2005] EWHC 1086 (TCC), L130541), and "All in One Building and Refurbishments Ltd v Makers UK Ltd" ([2005] EWHC 2943 TCC, L132373). Concludes with a summary of the current position and briefly mentions key points from the consultation document "Improving payment practices in the construction industry" (L132162 and L129312).
590 _aIKA311006
650 2 4 _aTOTAL M&E SERVICES LTD V ABB BUILDING TECHNOLOGIES LTD
650 2 4 _aHARWOOD CONSTRUCTION LTD V LANTRODE LTD
650 2 4 _aWIMBLEDON CONSTRUCTION CO 2000 LTD V VAGO
650 2 4 _aALL IN ONE BUILDING & REFURBISHMENTS LTD V MAKERS UK LTD
650 2 4 _aHOUSING GRANTS, CONSTRUCTION AND REGENERATION ACT 1996
651 4 _aEngland and Wales
_y1543-
690 _aMANAGEMENT-DISPUTE AVOIDANCE, MANAGEMENT AND RESOLUTION-DISPUTE MANAGEMENT AND RESOLUTION-ALTERNATIVE DISPUTE RESOLUTION-ADJUDICATION
700 1 _aSheridan, Peter
942 _n0
999 _c77870
_d77870